Chinese Yearbook of Human Rights, Volume 6 (2024) /
The Chinese Yearbook of Human Rights is a forum for academic exchange between China and the international community in the field of human rights. It publishes peer reviewed articles by scholars and practitioners from both within and outside Chin
مؤلفون آخرون: ,
التنسيق: كتاب الكتروني
اللغة: English
منشور في:
Leiden ; Boston :
Brill | Nijhoff,
2024.
سلاسل:
Chinese Yearbook of Human Rights ;
6.
International Law E-Books Online, Collection 2025.
الموضوعات:
الوصول للمادة أونلاين: Login to view Source
الوسوم: إضافة وسم
رقم الطلب: DS31-35.2
| LEADER | 02304nam a22005178i 4500 | ||
|---|---|---|---|
| 001 | BRILL9789004697362 | ||
| 003 | nllekb | ||
| 005 | 20240807135740.0 | ||
| 006 | m d | ||
| 007 | cr un uuuua | ||
| 008 | 240705s2024 gw sb 001 0 eng d | ||
| 020 | |a 9789004697362 |q (electronic book) | ||
| 020 | |z 9789004697355 |q (print) | ||
| 024 | 7 | |a 10.1163/9789004697362 |2 DOI | |
| 035 | |z (OCoLC)1441778689 | ||
| 040 | |a NL-LeKB |c NL-LeKB |e rda | ||
| 041 | |a eng | ||
| 050 | 4 | |a DS31-35.2 | |
| 072 | 7 | |a LAW |x 051000 |2 bisacsh | |
| 072 | 7 | |a LBBR |2 bicssc | |
| 072 | 7 | |a POL |x 035010 |2 bisacsh | |
| 082 | 0 | 4 | |a 950 |2 23 |
| 245 | 1 | 0 | |a Chinese Yearbook of Human Rights, Volume 6 (2024) / |c edited by Wei Zhang, Huawen Liu. |
| 264 | 1 | |a Leiden ; |a Boston : |b Brill | Nijhoff, |c 2024. | |
| 264 | 4 | |c ©2024 | |
| 300 | |a 1 online resource (318 pages) : |b illustrations. | ||
| 336 | |a text |b txt |2 rdacontent | ||
| 337 | |a computer |b c |2 rdamedia | ||
| 338 | |a online resource |2 rdacarrier | ||
| 490 | 1 | |a Chinese Yearbook of Human Rights ; |v 6 | |
| 490 | 1 | |a International Law E-Books Online, Collection 2025 | |
| 504 | |a Includes bibliographical references and index. | ||
| 505 | 0 | |t List of Figures and Tables -- Notes on Contributors -- 1 On the Jurisprudential Basis of the Legitimacy of the Right to Peace and the Right to Harmony -- Mo Jihong -- 2 The Generative Logic of International Human Rights Mechanisms -- Mao Junxi | |
| 520 | |a The Chinese Yearbook of Human Rights is a forum for academic exchange between China and the international community in the field of human rights. It publishes peer reviewed articles by scholars and practitioners from both within and outside Chin | ||
| 546 | |a English | ||
| 588 | |a Description based on print version record. | ||
| 650 | 0 | |a Human rights (International law) |z China. | |
| 650 | 0 | |a Human rights |z China. | |
| 700 | 1 | |a Liu, Huawen, |e editor. | |
| 700 | 1 | |a Zhang, Wei, |e editor. | |
| 776 | 0 | 8 | |i Print version: |t Chinese Yearbook of Human Rights, Volume 6 (2024) : |d Leiden ; Boston : Brill | Nijhoff, 2024. |z 9789004697355 |
| 830 | 0 | |a Chinese Yearbook of Human Rights ; |v 6. | |
| 830 | 0 | |a International Law E-Books Online, Collection 2025. | |
| 856 | 4 | |z DOI: |u http://dx.doi.org/10.1163/9789004697362 | |
| 942 | |2 lcc |c EBOOK | ||
| 999 | |c 59131 |d 59131 | ||
